000 00459nam a22001337a 4500
003 SGT
020 _a9788174802910
082 _a507.954
_bB16D
100 _aदत्ता, सुकन्या
245 _aभारतीय वैज्ञानिक : प्रेरणा के स्त्रोत
260 _bविज्ञानं एवं प्रौद्योगीकी विभाग
_c2016
300 _a218
942 _2ddc
_cBK
999 _c29289
_d29289